Statistics for Top 10 Xbox Games

Click here to take the quiz!

General Stats

  • This quiz has been taken 58 times
  • The average score is 2 of 10

Answer Stats

YearGameScore% Correct
2001Halo: Combat Evolved97
92%
2004Halo 295
53%
2003Grand Theft Auto Double Pack96
49%
2003Star Wars: Knights of the Old Republic94
24%
2002Tom Clancy's Splinter Cell93
6%
2002Tony Hawk's Pro Skater 393
6%
2005Tom Clancy's Splinter Cell Chaos Theory94
4%
2004Burnout 3: Takedown94
2%
2004Tom Clancy's Splinter Cell Pandora Tomorrow93
2%
2005Ninja Gaiden Black94
0%

Score Distribution

Percentile by Number Answered

Percent of People with Each Score

Your Score History

You have not taken this quiz